Countries with hippos - Statistics

General Stats
  • This quiz has been taken 44 times
  • The average score is 32 of 38
Answer Stats
Answer % Correct
South Africa
95%
Kenya
92%
Rwanda
92%
Uganda
92%
Cameroon
90%
Gabon
90%
Mozambique
90%
Namibia
90%
Somalia
90%
Zambia
90%
Zimbabwe
90%
Burundi
87%
Tanzania
87%
Togo
87%
Angola
85%
Botswana
85%
Chad
85%
Democratic Republic of Congo
85%
Ethiopia
85%
Malawi
85%
Niger
85%
Nigeria
85%
Benin
82%
Gambia
82%
Swaziland
82%
Equatorial Guinea
79%
Ghana
79%
Ivory Coast
79%
Mali
79%
Senegal
79%
Sudan
79%
Congo
77%
South Sudan
77%
Burkina Faso
74%
Guinea
74%
Guinea-Bissau
74%
Sierra Leone
74%
Central African Republic
69%
No matching quizzes found
Score Distribution
Percent of People with Each Score
Percentile by Number Answered
Your Score History
You have not taken this quiz